Propiedad intelectual, nuevas tecnologa̕s y derecho del consumo Reflexiones desde el moderno derecho privado /

Detalles Bibliográficos
Autor principal: Flr̤ez-Acero, Germǹ Daro̕
Otros Autores: Salazar, Sebastiǹ, Durǹ, Mayra Alejandra, Rodrg̕uez-Flr̤ez, Juan Carlos, Sierra-Marulanda, Óscar Ricardo
Formato: eBook
Lenguaje:español
Publicado: Bogot:̀ Universidad Catl̤ica de Colombia, 2017
Materias:
Acceso en línea:Acceso restringido

MARC

LEADER 00000nam a22000007a 4500
005 20181028220517.0
007 cr|||| ||||
008 181028s2017 co |||||s|||| 00||0 spa d
020 |a 978-958-5456-02-0 
035 |a 22097 
040 |a vLex 
090 |c 8193  |d 8193 
100 1 |a Flr̤ez-Acero, Germǹ Daro̕ 
245 1 0 |a Propiedad intelectual, nuevas tecnologa̕s y derecho del consumo  |h [Recurso electrn̤ico] :  |b Reflexiones desde el moderno derecho privado /  |c Germǹ Daro̕ Flr̤ez-Acero, Sebastiǹ Salazar, Mayra Alejandra Durǹ, Juan Carlos Rodrg̕uez-Flr̤ez, Óscar Ricardo Sierra-Marulanda 
256 |a Servicio en ln̕ea 
260 |a Bogot:̀  |b Universidad Catl̤ica de Colombia,  |c 2017 
300 |a 1 recurso electrn̤ico 
506 1 |a Disponible solo en los productos indicados  |d vLex Global  |d vLex Global (Academic Edition, excluding Law Schools)  |d vLex Global (U.S. Academic Edition, Law Schools)  |d vLex Global (U.S. Academic Edition, excluding Law Schools)  |d vLex Global (Academic Edition, Law Schools) 
650 0 4 |a Derecho Mercantil y de la Empresa  |z Colombia 
700 1 |a Salazar, Sebastiǹ 
700 1 |a Durǹ, Mayra Alejandra 
700 1 |a Rodrg̕uez-Flr̤ez, Juan Carlos 
700 1 |a Sierra-Marulanda, Óscar Ricardo 
740 0 |a vLex Libros (Servicio en ln̕ea) 
856 4 0 |u http://vlex.com/source/propiedad-intelectual-nuevas-tecnologias-derecho-consumo-reflexiones-moderno-derecho-privado-22097  |z Acceso restringido 
942 |c BOOK 
999 0 |a Commercial and Company Law